| 000 | 01849nam2a22002531 4500 | ||
|---|---|---|---|
| 001 | RU\NLR\INFOCOMM18\1000174930 | ||
| 005 | 20250617200713.0 | ||
| 035 | _a(NLR Aleph) 003155619 | ||
| 090 |
_a3049210 _c3049210 |
||
| 100 | _a20041006d2002 |||y0rusy50 ca | ||
| 101 | 0 | _arus | |
| 102 | _aRU | ||
| 105 | _ay ||||||||| | ||
| 200 | 1 | _aМатериалы научной конференции с международным участием "Инфекции человека в начале XXI века: эволюция, новые проблемы, перспективы контроля", посвященной 90-летию Института эпидемиологии и микробиологии НЦ МЭ ВСНЦ СО РАМН | |
| 210 |
_d2002 _aБ. м. |
||
| 461 | 0 |
_1001RU\NLR\INFOCOMM18\1000174918 _12001#$aБюллетень Восточно-Сибирского научного центра Сибирского отделения Российской академии медицинских наук$fРос. акад. мед. наук. Сиб. отд-ние. Вост.-Сиб. науч. центр$v2002, №4, т.1 _93049179 _aРоссийская академия медицинских наук. Восточно-Сибирский научный центр _cИркутск _d1996 - 2017 _fРос. акад. мед. наук. Сиб. отд-ние. Вост.-Сиб. науч. центр _nБ. и. _tБюллетень Восточно-Сибирского научного центра Сибирского отделения Российской академии медицинских наук _x1811-0649 _v2002, №4, т.1 |
|
| 801 | 1 |
_aRU _bInfoComm _c20041006 |
|
| 801 | 0 |
_aRU _bNLR _gPSBO |
|
| 801 | 2 |
_aRU _bNLR _c20070822 _2rusmarc |
|
| 852 |
_aNLR _jП16/1774 |
||
| 942 | _cISSUE | ||
| 980 | _aNB | ||
| 980 | _aRUSPER | ||